[Event "RUS-chT Blitz (Women)"]
[Site "Sochi"]
[Date "2022.10.17"]
[Round "4.1"]
[White "Pogonina, Natalija"]
[Black "Voit, Daria"]
[Result "1/2-1/2"]
[WhiteElo "2432"]
[BlackElo "2347"]
[PlyCount "53"]
[EventDate "2022.10.17"]
[EventType "team-swiss (blitz)"]
[EventRounds "11"]
[EventCountry "RUS"]
[SourceTitle "CBM 210 Extra"]
[Source "ChessBase"]
[SourceDate "2022.11.30"]
[SourceVersion "1"]
[SourceVersionDate "2022.11.30"]
[SourceQuality "1"]
[WhiteTeam "Yugra (W)"]
[BlackTeam "Moscow ShSM (W)"]
[WhiteTeamCountry "RUS"]
[BlackTeamCountry "RUS"]

1. d4 Nf6 2. g3 d5 3. Bg2 Bf5 4. Nf3 e6 5. c4 c6 6. 0-0 Nbd7 7. Nc3 h6 8. b3 Ne4 9. Bb2 Be7 10. Nd2 Nxc3 11. Bxc3 Nf6 12. Bb2 0-0 13. Rc1 a5 14. a3 Qb6 15. Re1 Bg6 16. e3 Rfd8 17. Qe2 Qa6 18. h3 Rd7 19. Kh2 Rad8 20. cxd5 Qxe2 21. Rxe2 exd5 22. Ree1 Bd6 23. a4 Bb4 24. Bc3 Bxc3 25. Rxc3 Re7 26. Kg1 Ra8 27. Rd3 1/2-1/2

[Event "RUS-chT Blitz (Women)"]
[Site "Sochi"]
[Date "2022.10.17"]
[Round "3.1"]
[White "Shuvalova, Polina"]
[Black "Pogonina, Natalija"]
[Result "1/2-1/2"]
[WhiteElo "2492"]
[BlackElo "2432"]
[PlyCount "126"]
[EventDate "2022.10.17"]
[EventType "team-swiss (blitz)"]
[EventRounds "11"]
[EventCountry "RUS"]
[SourceTitle "CBM 210 Extra"]
[Source "ChessBase"]
[SourceDate "2022.11.30"]
[SourceVersion "1"]
[SourceVersionDate "2022.11.30"]
[SourceQuality "1"]
[WhiteTeam "Cheliabinsk Yuzhnyy Ural (W)"]
[BlackTeam "Yugra (W)"]
[WhiteTeamCountry "RUS"]
[BlackTeamCountry "RUS"]

1. d4 Nf6 2. Nf3 d5 3. Bf4 e6 4. e3 Bd6 5. Bxd6 Qxd6 6. c4 0-0 7. Nc3 a6 8. a3 b6 9. cxd5 Nxd5 10. Rc1 Bb7 11. Bd3 h6 12. 0-0 Nd7 13. Nxd5 exd5 14. Qc2 Rac8 15. Qe2 Ra8 16. Rfd1 Rfe8 17. Rc2 Re7 18. Rdc1 c5 19. dxc5 Nxc5 20. Nd4 Qf6 21. b4 Ne6 22. Nf5 Rd7 23. Qg4 a5 24. h3 Rdd8 25. Nd4 axb4 26. axb4 Rac8 27. b5 Nc5 28. Bf5 Ra8 29. Qf4 Bc8 30. Bxc8 Qxf4 31. exf4 Rdxc8 32. Nc6 Re8 33. Rd1 Ra4 34. g3 Rc4 35. Rcd2 Rc3 36. Rxd5 Rb3 37. Rd8 Rxd8 38. Rxd8+ Kh7 39. Na7 Ne4 40. Re8 f5 41. Re5 Rb2 42. Rxf5 Nxf2 43. Kg2 Ne4+ 44. Kf3 Nd2+ 45. Kg4 Ne4 46. Re5 Nf6+ 47. Kf5 Rb3 48. g4 Rxh3 49. Nc8 Rg3 50. g5 Nd7 51. Rd5 g6+ 52. Ke6 Nc5+ 53. Kf7 hxg5 54. fxg5 Rf3+ 55. Ke7 Re3+ 56. Kd8 Re6 57. Rd4 Re5 58. Rd2 Rxg5 59. Nxb6 Ne6+ 60. Kd7 Rxb5 61. Kxe6 Rxb6+ 62. Ke5 Kg7 63. Kf4 Rb4+ 1/2-1/2

[Event "RUS-ch Blitz (Women)"]
[Site "Sochi"]
[Date "2022.10.14"]
[Round "6"]
[White "Gunina, Valentina"]
[Black "Pogonina, Natalija"]
[Result "1-0"]
[WhiteElo "2476"]
[BlackElo "2432"]
[PlyCount "73"]
[EventDate "2022.10.14"]
[EventType "swiss (blitz)"]
[EventRounds "13"]
[EventCountry "RUS"]
[SourceTitle "CBM 210 Extra"]
[Source "ChessBase"]
[SourceDate "2022.11.30"]
[SourceVersion "1"]
[SourceVersionDate "2022.11.30"]
[SourceQuality "1"]

1. d4 Nf6 2. c4 e6 3. Nf3 d5 4. Nc3 h6 5. b3 Bd6 6. Qc2 0-0 7. c5 Be7 8. g4 b6 9. g5 hxg5 10. Bxg5 Nc6 11. Rg1 Re8 12. e3 Bd7 13. Bb5 Nb4 14. Qe2 Bxb5 15. Nxb5 Nc6 16. Rc1 bxc5 17. Bxf6 Bxf6 18. Rxc5 a6 19. Nc3 Qd7 20. Ng5 Bxg5 21. Rxg5 Ne7 22. Qc2 c6 23. Ne2 Rac8 24. Ng3 f6 25. Rh5 Kf7 26. Qe2 Qb7 27. Rh7 Rg8 28. Qg4 Qd7 29. Nh5 Nf5 30. Nf4 Ne7 31. h4 Rc7 32. Qh5+ Kf8 33. Ke2 Rc8 34. Rc1 Rc7 35. Rg1 c5 36. Qg4 cxd4 37. Nxe6+ 1-0

[Event "RUS-ch Blitz (Women)"]
[Site "Sochi"]
[Date "2022.10.14"]
[Round "7"]
[White "Pogonina, Natalija"]
[Black "Lysenko, Margarita"]
[Result "1/2-1/2"]
[WhiteElo "2432"]
[BlackElo "2228"]
[PlyCount "112"]
[EventDate "2022.10.14"]
[EventType "swiss (blitz)"]
[EventRounds "13"]
[EventCountry "RUS"]
[SourceTitle "CBM 210 Extra"]
[Source "ChessBase"]
[SourceDate "2022.11.30"]
[SourceVersion "1"]
[SourceVersionDate "2022.11.30"]
[SourceQuality "1"]

1. d4 Nf6 2. g3 e6 3. Bg2 d5 4. Nf3 Be7 5. c4 0-0 6. 0-0 dxc4 7. Qa4 c6 8. Qxc4 b5 9. Qc2 Bb7 10. Rd1 Nbd7 11. Ne5 Nxe5 12. dxe5 Nd5 13. e4 Nb4 14. Qe2 Qc7 15. Nc3 Rfd8 16. Bf4 a5 17. h4 Rxd1+ 18. Rxd1 Rd8 19. a3 Na6 20. h5 h6 21. Rc1 Qd7 22. Be3 b4 23. axb4 axb4 24. Na4 Qd3 25. Qg4 Kh8 26. Nb6 Qb5 27. Nc4 c5 28. Nd6 Bxd6 29. exd6 e5 30. Bf1 Qe8 31. Bxa6 Bxa6 32. Bxc5 b3 33. Ra1 Bd3 34. Ra7 Bc4 35. Qf5 Qb5 36. Rc7 Be6 37. Qxe5 Qe2 38. Bd4 Qd1+ 39. Kg2 Qg4 40. Re7 Qh3+ 41. Kg1 Qg4 42. Kg2 Qh3+ 43. Kg1 Qg4 44. Bc3 Ra8 45. Rxe6 fxe6 46. Kg2 Rd8 47. Qd4 Qg5 48. e5 Qf5 49. Ba5 Rd7 50. Qa4 Rf7 51. Bb6 Qf3+ 52. Kg1 Qd1+ 53. Kh2 Qxh5+ 54. Kg1 Qd1+ 55. Kh2 Qh5+ 56. Kg1 Qd1+ 1/2-1/2

[Event "RUS-ch (Women) 72nd"]
[Site "Cheboksary"]
[Date "2022.09.20"]
[Round "9"]
[White "Ovod, Evgenija"]
[Black "Pogonina, Natalija"]
[Result "0-1"]
[WhiteElo "2323"]
[BlackElo "2453"]
[PlyCount "119"]
[EventDate "2022.09.11"]
[EventType "tourn"]
[EventRounds "11"]
[EventCountry "RUS"]
[EventCategory "5"]
[SourceTitle "CBM 210 Extra"]
[Source "ChessBase"]
[SourceDate "2022.11.30"]
[SourceVersion "1"]
[SourceVersionDate "2022.11.30"]
[SourceQuality "1"]

1. e4 e5 2. Nf3 Nc6 3. Bc4 Bc5 4. 0-0 Nf6 5. d3 a6 6. a4 h6 7. c3 Ba7 8. Nbd2 0-0 9. Re1 d6 10. Nf1 Be6 11. Bxe6 fxe6 12. b4 Qe8 13. Be3 Bxe3 14. Rxe3 d5 15. b5 axb5 16. axb5 Rxa1 17. Qxa1 dxe4 18. dxe4 Ne7 19. c4 Ng6 20. h3 Nd7 21. g3 Qe7 22. N1d2 Qc5 23. Rd3 Qe7 24. h4 Nc5 25. Re3 Rd8 26. h5 Nh8 27. Qxe5 Nf7 28. Qc3 Ng5 29. Kg2 Nxf3 30. Nxf3 Qf7 31. Qe5 Nd3 32. Qc3 Nc5 33. Qe5 Nd3 34. Qa1 Qxh5 35. Qa3 Nc5 36. Qa1 b6 37. Re1 Rd3 38. Ne5 Rd2 39. Nf3 Rd3 40. Ne5 Rd2 41. Nf3 Rd8 42. Rh1 Qg6 43. Rh4 Rf8 44. Ne5 Qe8 45. Qd4 Qd8 46. Qe3 Qf6 47. Ng4 Qg5 48. f4 Qd8 49. Nf2 Qa8 50. Rh1 Rd8 51. Qe2 Rd4 52. Rd1 Qd8 53. Kf3 Rxd1 54. Qxd1 Qa8 55. Qd4 Kh7 56. Kg4 Qa2 57. Kf3 Nb3 58. Qd7 Nd2+ 59. Kg4 Nxc4 60. Qxc7 0-1

[Event "RUS-ch (Women) 72nd"]
[Site "Cheboksary"]
[Date "2022.09.12"]
[Round "2"]
[White "Pogonina, Natalija"]
[Black "Goltseva, Ekaterina"]
[Result "1/2-1/2"]
[WhiteElo "2453"]
[BlackElo "2275"]
[PlyCount "157"]
[EventDate "2022.09.11"]
[EventType "tourn"]
[EventRounds "11"]
[EventCountry "RUS"]
[EventCategory "5"]
[SourceTitle "CBM 210 Extra"]
[Source "ChessBase"]
[SourceDate "2022.11.30"]
[SourceVersion "1"]
[SourceVersionDate "2022.11.30"]
[SourceQuality "1"]

1. Nf3 Nf6 2. g3 d5 3. d4 e6 4. Bg2 Be7 5. c4 0-0 6. 0-0 dxc4 7. Qa4 a6 8. Qxc4 b5 9. Qc2 Bb7 10. Bd2 Be4 11. Qc1 Bb7 12. Bf4 Bd6 13. Nc3 Nbd7 14. Rd1 Qb8 15. a3 c5 16. dxc5 Bxf4 17. Qxf4 Qxf4 18. gxf4 Nxc5 19. Ne5 Bxg2 20. Kxg2 Rfd8 21. Rac1 Nb3 22. Nc6 Rxd1 23. Rxd1 Kf8 24. Rd6 Ne8 25. Rd7 Nc5 26. Rd4 Rc8 27. Ne5 f6 28. Nf3 Ke7 29. a4 Nd6 30. axb5 axb5 31. Nd2 Na6 32. e4 b4 33. Na4 Nb5 34. Rd3 Rd8 35. Rxd8 Kxd8 36. Kf3 Kc7 37. Ke3 Kc6 38. Nb3 e5 39. Na5+ Kd6 40. Nc4+ Ke6 41. fxe5 fxe5 42. h4 Na7 43. Ncb6 Nc6 44. Nc4 Kf6 45. f4 exf4+ 46. Kxf4 Nd4 47. Nab6 Ne6+ 48. Kg4 Nec7 49. Nd7+ Ke6 50. Nf8+ Ke7 51. Nxh7 Nc5 52. Ng5 g6 53. Kf4 Kf6 54. Ke3 Nb5 55. Nf3 Ne6 56. Nb6 Kg7 57. Nd5 b3 58. Kd3 Nd6 59. e5 Nb7 60. Kc4 Na5+ 61. Kb4 Nc6+ 62. Kxb3 Kh6 63. Nf6 g5 64. Kc4 gxh4 65. Kd5 Nxe5 66. Kxe5 Nc5 67. Kd4 Na6 68. Nd5 h3 69. Kc4 Kh5 70. Nf6+ Kg6 71. Nd7 Kf5 72. Kb5 Nc7+ 73. Kc6 Na6 74. Kd5 Kf4 75. Nde5 Nb4+ 76. Kc4 Na6 77. Kd3 h2 78. Nxh2 Kxe5 79. Nf3+ 1/2-1/2

[Event "RUS-chT (Women)"]
[Site "Sochi"]
[Date "2022.05.04"]
[Round "4.1"]
[White "Pogonina, Natalija"]
[Black "Gunina, Valentina"]
[Result "1/2-1/2"]
[WhiteElo "2472"]
[BlackElo "2471"]
[PlyCount "114"]
[EventDate "2022.05.01"]
[EventType "team-tourn"]
[EventRounds "9"]
[EventCountry "RUS"]
[SourceTitle "CBM 208 Extra"]
[Source "ChessBase"]
[SourceDate "2022.07.31"]
[SourceVersion "1"]
[SourceVersionDate "2022.07.31"]
[SourceQuality "1"]
[WhiteTeam "Yugra (W)"]
[BlackTeam "Cheliabinsk Yuzhnyy Ural (W)"]
[WhiteTeamCountry "ZAR"]
[BlackTeamCountry "RUS"]

1. Nf3 d5 2. g3 c6 3. Bg2 Bg4 4. 0-0 Nd7 5. h3 Bxf3 6. Bxf3 e6 7. d3 Bc5 8. Bg2 Ne7 9. e4 0-0 10. Nc3 f5 11. exd5 exd5 12. Ne2 Ng6 13. Nf4 Qf6 14. Nxg6 hxg6 15. h4 Qf7 16. Bf4 Nf6 17. Bf3 Rfe8 18. Qd2 Re6 19. Rfe1 Rae8 20. Rxe6 Qxe6 21. Kf1 Bd6 22. Bxd6 Qxd6 23. Re1 Rxe1+ 24. Qxe1 b6 25. a4 Kf7 26. a5 Nd7 27. axb6 axb6 28. d4 Nf8 29. Qa1 Kf6 30. Qa8 Ne6 31. c3 g5 32. hxg5+ Nxg5 33. Bh5 g6 34. Be2 b5 35. Bd3 Nf7 36. Qc8 Nd8 37. Kg2 Ke7 38. Kf1 Kf7 39. Bc2 b4 40. Ba4 bxc3 41. bxc3 Ke7 42. Kg2 Kf6 43. Kf1 Kg7 44. Kg2 Kf6 45. Kf1 Ke7 46. Kg2 Qd7 47. Qb8 Kf7 48. Qe5 Qe7 49. Qxe7+ Kxe7 50. Kf3 Kd6 51. g4 Ne6 52. gxf5 gxf5 53. Bc2 Nc7 54. Bd3 c5 55. Bxf5 Nb5 56. dxc5+ Kxc5 57. Be6 Nxc3 1/2-1/2

[Event "RUS-chT (Women)"]
[Site "Sochi"]
[Date "2022.05.03"]
[Round "3.1"]
[White "Lagno, Kateryna"]
[Black "Pogonina, Natalija"]
[Result "1/2-1/2"]
[WhiteElo "2550"]
[BlackElo "2472"]
[PlyCount "83"]
[EventDate "2022.05.01"]
[EventType "team-tourn"]
[EventRounds "9"]
[EventCountry "RUS"]
[SourceTitle "CBM 208 Extra"]
[Source "ChessBase"]
[SourceDate "2022.07.31"]
[SourceVersion "1"]
[SourceVersionDate "2022.07.31"]
[SourceQuality "1"]
[WhiteTeam "Moscow Sbornaya (W)"]
[BlackTeam "Yugra (W)"]
[WhiteTeamCountry "RUS"]
[BlackTeamCountry "ZAR"]

1. e4 e5 2. Nf3 Nc6 3. Nc3 Nf6 4. d4 exd4 5. Nxd4 Bb4 6. Nxc6 bxc6 7. Bd3 0-0 8. 0-0 d5 9. exd5 cxd5 10. Bg5 c6 11. Qf3 Bd6 12. Rae1 Rb8 13. Nd1 h6 14. Bxf6 Qxf6 15. Qxf6 gxf6 16. b3 Be6 17. Ne3 Bb4 18. Rd1 d4 19. Nf5 Bxf5 20. Bxf5 c5 21. Rd3 Rfe8 22. Rg3+ Kh8 23. Bd3 Rb7 24. Rf3 Kg7 25. g3 Re5 26. Kg2 Rbe7 27. Rf5 Rxf5 28. Bxf5 a5 29. Bd3 Re5 30. f4 Re3 31. Rf2 Re1 32. Re2 Ra1 33. a4 Re1 34. Kf3 Rxe2 35. Kxe2 Kf8 36. Kf3 Ba3 37. Bc4 Bb4 38. Ke4 Ba3 39. Kf5 Kg7 40. Be2 Bb4 41. Bc4 Ba3 42. Bd5 1/2-1/2

[Event "FIDE Grand Swiss (Women)"]
[Site "Riga"]
[Date "2021.11.06"]
[Round "10"]
[White "Pogonina, Natalija"]
[Black "Kosteniuk, Alexandra"]
[Result "1/2-1/2"]
[WhiteElo "2467"]
[BlackElo "2518"]
[PlyCount "61"]
[EventDate "2021.10.27"]
[EventType "swiss"]
[EventRounds "11"]
[EventCountry "LAT"]
[SourceTitle "CBM 205"]
[Source "ChessBase"]
[SourceDate "2021.12.31"]
[SourceVersion "1"]
[SourceVersionDate "2021.12.31"]
[SourceQuality "1"]

1. d4 Nf6 2. g3 d5 3. Bg2 c5 4. Nf3 cxd4 5. 0-0 g6 6. Nxd4 Bg7 7. c4 0-0 8. cxd5 Nxd5 9. Nb5 Be6 10. Bxd5 Bxd5 11. N1c3 Bxc3 12. Nxc3 Bc6 13. Bh6 Qxd1 14. Rfxd1 Rc8 15. Nd5 Bxd5 16. Rxd5 f6 17. Rc1 Nc6 18. Be3 Kf7 19. Rd7 Rab8 20. Bf4 Rd8 21. Rc7 g5 22. R7xc6 gxf4 23. Rc7 fxg3 24. hxg3 Rd2 25. R1c2 Rxc2 26. Rxc2 Rd8 27. Rc7 Rd2 28. Rxb7 Rxe2 29. Rxa7 Rxb2 30. Kg2 Kg6 31. Rxe7 1/2-1/2

[Event "FIDE Grand Swiss (Women)"]
[Site "Riga"]
[Date "2021.11.05"]
[Round "9"]
[White "Zhu, Jiner"]
[Black "Pogonina, Natalija"]
[Result "1-0"]
[WhiteElo "2455"]
[BlackElo "2467"]
[PlyCount "93"]
[EventDate "2021.10.27"]
[EventType "swiss"]
[EventRounds "11"]
[EventCountry "LAT"]
[SourceTitle "CBM 205"]
[Source "ChessBase"]
[SourceDate "2021.12.31"]
[SourceVersion "1"]
[SourceVersionDate "2021.12.31"]
[SourceQuality "1"]

1. e4 e5 2. Nf3 Nc6 3. Bb5 a6 4. Ba4 Nf6 5. 0-0 Be7 6. Re1 b5 7. Bb3 d6 8. c3 0-0 9. h3 Na5 10. Bc2 c5 11. d4 Qc7 12. Nbd2 cxd4 13. cxd4 Nc6 14. Nb3 a5 15. Be3 a4 16. Nbd2 Bd7 17. a3 Rfc8 18. Bd3 Qb7 19. Qe2 Rab8 20. Rac1 exd4 21. Nxd4 Ne5 22. Bb1 h6 23. f4 Ng6 24. e5 Rxc1 25. Rxc1 Nd5 26. e6 Ngxf4 27. exf7+ Kf8 28. Bxf4 Nxf4 29. Qf2 g5 30. Kh2 Bf6 31. N2f3 Rc8 32. Rd1 Qd5 33. Qd2 Qxf7 34. g3 Ng6 35. Qb4 Kg7 36. Qxd6 Rd8 37. Bxg6 Qxg6 38. Ne5 Bxe5 39. Qxe5+ Kg8 40. Qd5+ Kh7 41. Ne6 Bxe6 42. Qxd8 Qf7 43. Qd3+ Bf5 44. Rf1 Kg6 45. Qd6+ Kh7 46. Qe5 Kg6 47. g4 1-0

[Event "FIDE Grand Swiss (Women)"]
[Site "Riga"]
[Date "2021.11.03"]
[Round "7"]
[White "Paehtz, Elisabeth"]
[Black "Pogonina, Natalija"]
[Result "1-0"]
[WhiteElo "2475"]
[BlackElo "2467"]
[PlyCount "107"]
[EventDate "2021.10.27"]
[EventType "swiss"]
[EventRounds "11"]
[EventCountry "LAT"]
[SourceTitle "CBM 205"]
[Source "ChessBase"]
[SourceDate "2021.12.31"]
[SourceVersion "1"]
[SourceVersionDate "2021.12.31"]
[SourceQuality "1"]

1. e4 e5 2. Nf3 Nc6 3. Bb5 a6 4. Ba4 Nf6 5. 0-0 Be7 6. Re1 b5 7. Bb3 d6 8. c3 0-0 9. d4 Bg4 10. Be3 exd4 11. cxd4 Na5 12. Bc2 Nc4 13. Bc1 c5 14. b3 Nb6 15. Nbd2 Rc8 16. h3 Bh5 17. a4 bxa4 18. d5 axb3 19. Nxb3 Nfd7 20. g4 Bg6 21. Na5 Bf6 22. Ra3 h6 23. Bf4 Ne5 24. Nxe5 Bxe5 25. Bxe5 dxe5 26. Nc6 Qc7 27. Qe2 Ra8 28. Rea1 Nd7 29. Qc4 Qd6 30. Rxa6 Rxa6 31. Rxa6 h5 32. Kg2 hxg4 33. hxg4 Qf6 34. Qd3 Qg5 35. Qg3 Bh7 36. Ra1 c4 37. Ra4 c3 38. Rc4 Nf6 39. Nxe5 Nxe4 40. f4 Qd8 41. Rxe4 Bxe4+ 42. Bxe4 Qa5 43. Nc6 Qa2+ 44. Qf2 Ra8 45. d6 Qa4 46. Ne7+ Kf8 47. Bxa8 Qxa8+ 48. Kh2 Qa4 49. Nf5 g6 50. Qd4 Qxd4 51. Nxd4 Ke8 52. Kg3 Kd7 53. Kf3 Kxd6 54. Nb5+ 1-0

[Event "RUS-ch (Women) 71st"]
[Site "Ufa"]
[Date "2021.10.17"]
[Round "8"]
[White "Girya, Olga"]
[Black "Pogonina, Natalija"]
[Result "0-1"]
[WhiteElo "2410"]
[BlackElo "2467"]
[PlyCount "137"]
[EventDate "2021.10.09"]
[EventType "tourn"]
[EventRounds "11"]
[EventCountry "RUS"]
[EventCategory "7"]
[SourceTitle "CBM 204 Extra"]
[Source "ChessBase"]
[SourceDate "2021.11.30"]
[SourceVersion "1"]
[SourceVersionDate "2021.11.30"]
[SourceQuality "1"]

1. d4 Nf6 2. c4 e6 3. Nf3 b6 4. g3 Ba6 5. b3 Bb4+ 6. Bd2 Be7 7. Nc3 d5 8. cxd5 exd5 9. Bg2 0-0 10. 0-0 Nbd7 11. Ne5 Bb7 12. Rc1 Re8 13. Rc2 Nf8 14. Bc1 Ne6 15. Bb2 Bf8 16. e3 Rb8 17. Ne2 c5 18. Nf4 Nxf4 19. exf4 cxd4 20. Bxd4 Rc8 21. Bh3 Rxc2 22. Qxc2 Ne4 23. Rc1 Ba3 24. Qc7 Qe7 25. Rc2 Nc5 26. Qxe7 Rxe7 27. Bf1 Ne6 28. Be3 f6 29. Nc6 Rc7 30. Nd4 Rxc2 31. Nxc2 Bd6 32. Bg2 Kf7 33. f5 Nc5 34. Nd4 Ke7 35. Nb5 Bb8 36. g4 Ne4 37. Bf3 Bc6 38. Nd4 Bd7 39. h3 Be5 40. a4 Kd6 41. Kg2 Nc3 42. Nc2 b5 43. a5 a6 44. b4 Ne4 45. Nd4 Nd2 46. Nc2 Nb3 47. Ba7 Bc6 48. Kf1 d4 49. Bb8+ Kd7 50. Bxc6+ Kxc6 51. Bxe5 fxe5 52. Ke2 e4 53. Na3 Kd5 54. g5 d3+ 55. Ke3 Ke5 56. f6 gxf6 57. gxf6 Kxf6 58. Nb1 Ke5 59. Nc3 d2 60. Nd1 Kd5 61. h4 h5 62. Kf4 Kd4 63. Kg5 Nc1 64. Kxh5 Nd3 65. Kg5 Nxf2 66. h5 Nxd1 67. h6 Nc3 68. h7 d1Q 69. h8Q+ 0-1

[Event "RUS-ch (Women) 71st"]
[Site "Ufa"]
[Date "2021.10.16"]
[Round "7"]
[White "Pogonina, Natalija"]
[Black "Shuvalova, Polina"]
[Result "1/2-1/2"]
[WhiteElo "2467"]
[BlackElo "2509"]
[PlyCount "72"]
[EventDate "2021.10.09"]
[EventType "tourn"]
[EventRounds "11"]
[EventCountry "RUS"]
[EventCategory "7"]
[SourceTitle "CBM 204 Extra"]
[Source "ChessBase"]
[SourceDate "2021.11.30"]
[SourceVersion "1"]
[SourceVersionDate "2021.11.30"]
[SourceQuality "1"]

1. Nf3 d5 2. c4 d4 3. g3 c5 4. b4 cxb4 5. a3 bxa3 6. Bxa3 Nc6 7. Bg2 Nf6 8. 0-0 e5 9. Bxf8 Kxf8 10. d3 g6 11. Qb3 Kg7 12. Na3 Qe7 13. Rfb1 Rd8 14. Nd2 a5 15. Nc2 Ra6 16. Qa3 Qxa3 17. Rxa3 a4 18. Nb4 Nxb4 19. Rxb4 Bd7 20. Rxb7 Raa8 21. Nf3 e4 22. Ne5 Be8 23. Bxe4 Nxe4 24. dxe4 Rdb8 25. Rxb8 Rxb8 26. Nd3 Rb1+ 27. Kg2 g5 28. h3 Bc6 29. f3 h5 30. Kf2 Rh1 31. Nc5 Rh2+ 32. Kf1 Rh1+ 33. Kf2 Rh2+ 34. Kf1 Rh1+ 35. Kf2 Rh2+ 36. Kf1 Rh1+ 1/2-1/2